00717nam a2200241 a 4500001001300000003000900013005001700022008004100039020000800080082001300088100001600101245008000117260003800197300000900235500003500244505001700279650002400296700001600320902000800336942000700344952010900351999001500460nice12345678IN_TiNIC20260116011503.0050524s1962 laha grp 000 0 eng  ac000a923bIRV aIrving, T B aFalcon of Spainb Study of Eighth Century Spain, With Special Emphasis Upon aLahorebSh. Muhammad Ashrafc1962 a203p aincludes index and biblioraphy2 abibliography aIslam-History-Spain1 aIrving, T B bSRS cBK 001040708StackRoom-aHMIbHMId2005-05-24g0.00l0o923 IRVp02181r2005-05-24v0.00w2005-05-24yBK c1966d1966